000 00671nam a2200241Ia 4500
003 OSt
005 20220918223932.0
006 a|||||r|||| 00| 0
007 ta
008 220917b |||||||| |||| 00| 0 eng d
024 _a225,775
037 _cTextual
040 _aARTS
_cARTS
_beng
041 _2eng
_aeng
082 _aV2(Q7):51.N, P5
100 _aPadamsee Alex
_9146884
245 0 _aRepresentations of Indian muslims in British colonial discourse
260 _aNew York
_bPalgrave macmillan
_c2005
300 _aviii, 266p
_ccm.
650 _aHISTORY
942 _hV2(Q7):51.N, P5
_cTEXL
_2CC
999 _c279757
_d279757